Toutes les gares ferroviaires de la Drôme - Statistiques

Statistiques générales
  • Ce quiz a été pris 29 fois
  • Le résultat moyen est 10 sur 16
Statistiques - réponses
Fréquentation annuelle Nom de la gare % Correct
1 053 025 Montélimar
96%
3 283 288 Valence TGV
96%
2 917 986 Valence-Ville
85%
89 813 Die
81%
328 901 Pierrelatte
81%
126 743 Livron
70%
116 615 Loriol
70%
626 309 Tain-l'Hermitage - Tournon
70%
111 228 Crest
63%
372 697 Saint-Vallier-sur-Rhône
63%
417 181 Saint-Rambert-d'Albon
59%
46 233 Donzère
52%
518 190 Romans - Bourg-de-Péage
48%
12 888 Luc-en-Diois
33%
19 911 Saillans
26%
8 009 Lus-la-Croix-Haute
15%
Aucun quiz correspondant
Distribution des résultats
% des personnes avec chaque résultat
Percentile par nombre de réponses
Votre historique - résultats
Vous n’avez pas pris ce quiz